书目信息 |
| 题名: |
逻辑代数与电子计算机简介
|
|
| 作者: | ;《逻辑代数与电子计算机简介》编写组 | |
| 分册: | ||
| 出版信息: | 北京 高等教育出版社 1984.09 |
|
| 页数: | 272页 | |
| 开本: | 20cm | |
| 丛书名: | ||
| 单 册: | ||
| 中图分类: | O153.2 | |
| 科图分类: | ||
| 主题词: | 布尔代数--师范大学--教材 , 电子计算机--师范大学--教材 | |
| 电子资源: | ||
| ISBN: | ||
| 000 | 00908nam0 2200265 45 | |
| 001 | 0185010173 | |
| 005 | 20060726105413.65 | |
| 010 | @dCNY1.45 | |
| 091 | @a13010.01049 | |
| 100 | @a19900904d1984 em y0chiy0121 ea | |
| 101 | 0 | @achi |
| 102 | @aCN@b110000 | |
| 105 | @ay z 000yy | |
| 200 | 10 | @a逻辑代数与电子计算机简介@Aluo ji dai shu yu dian zi ji suan ji jian jie@f《逻辑代数与电子计算机简介》编写组@F《luo ji dai shu yu dian zi ji suan ji jian jie》bian xie zu |
| 210 | @a北京@c高等教育出版社@d1984.09 | |
| 215 | @a272页@d20cm | |
| 300 | @a师范专科学校试用教材 | |
| 606 | @a布尔代数@x师范大学@x教材 | |
| 606 | @a电子计算机@x师范大学@x教材 | |
| 610 | 0 | @a逻辑代数 |
| 690 | @aO153.2@v3 | |
| 711 | 0 | @a《逻辑代数与电子计算机简介》编写组@A《luo ji dai shu yu dian zi ji suan ji jian jie》bian xie zu |
| 801 | 2 | @aCN@bNLC@c20060726 |
| 801 | 0 | @aCN@b深圳图书馆@c20040517 |
| 905 | @dO153.2@e10 | |
| 逻辑代数与电子计算机简介/《逻辑代数与电子计算机简介》编写组.-北京:高等教育出版社,1984.09 |
| 272页;20cm |
| 师范专科学校试用教材 |
| ISBN :CNY1.45 |
| ● |
| 相关链接 |
|
|
|
|
正题名:逻辑代数与电子计算机简介
索取号:O153.2/10
 
预约/预借
| 序号 | 登录号 | 条形码 | 馆藏地/架位号 | 状态 | 备注 |
| 1 | 0431806 | 204318069 | 密集书库/ [索取号:O153.2/10] | 在馆 |